|
|
|
|
| LEADER |
00760naa a2200181 i 4500 |
| 001 |
acta59999 |
| 005 |
20260224081030.0 |
| 008 |
191021s2010 hu o 100 eng d |
| 040 |
|
|
|a SZTE Egyetemi Kiadványok Repozitórium
|b hun
|
| 041 |
|
|
|a eng
|
| 100 |
1 |
|
|a Veress Krisztián
|
| 245 |
1 |
0 |
|a Radiocommunication testbed for wireless sensor networks
|h [elektronikus dokumentum] /
|c Veress Krisztián
|
| 260 |
|
|
|c 2010
|
| 300 |
|
|
|a 79
|
| 490 |
0 |
|
|a Conference of PhD Students in Computer Science
|v 7
|
| 695 |
|
|
|a Számítástechnika - előadáskivonat, Számítógép-hálózat - Internet - előadáskivonat
|
| 710 |
|
|
|a Conference of PhD students in computer science (7.) (2010) (Szeged)
|
| 856 |
4 |
0 |
|u http://acta.bibl.u-szeged.hu/59999/1/cscs_2010_079.pdf
|z Dokumentum-elérés
|